000 00664nam a2200253Ia 4500
005 20260121161231.0
008 008 260114s9999 xx 000 0 eng d
020 _a9781003314349
037 _aEBOOK
040 _aCRL
040 _beng
040 _cCRL
041 _2eng
041 _aeng
084 _qCRL
100 _aSusan Levy; Uzoma Odera Okoye; Pius T. Tanga; Richard Ingram
_91041857
245 0 _aRoutledge Handbook of African Social Work Education:
260 _bTaylor and Francis
260 _c2024
856 _uhttp://www.taylorfrancis.com/books/9781003314349
942 _cEBOOK
999 _c1608673
_d1608673